LEADER 01193nam0-2200397---450- 001 990000884510203316 005 20050922135454.0 035 $a0088451 035 $aUSA010088451 035 $a(ALEPH)000088451USA01 035 $a0088451 100 $a20020118h----1996km-y0ITAy01------ba 101 $aita 102 $aIT 105 $a||||||||001yy 200 1 $aGenealogia e malinconia della scuola$fFabrizio Ravaglioli 205 $a2. ed 210 $aTorino$cIl segnalibro$h1996 215 $aXIII, 156 p$d21 cm 225 2 $aTeoria dell'educazione$v7 300 $aTit. dell'ed. precedente: Genealogia della scuola 410 1$12001$aTeoria dell'educazione$v7 606 0 $aScuola 676 $a371. 700 1$aRAVAGLIOLI,$bFabrizio$0155885 801 0$aIT$bsalbc$gISBD 912 $a990000884510203316 951 $aII.4. Coll.29/ 7(VI B COLL. 103/7)$b142878 LM$cVI B COLL. 959 $aBK 969 $aUMA 979 $aPATTY$b90$c20020118$lUSA01$h1051 979 $c20020403$lUSA01$h1733 979 $aPATRY$b90$c20040406$lUSA01$h1701 979 $aCOPAT6$b90$c20050922$lUSA01$h1354 996 $aGenealogia e malinconia della scuola$9969538 997 $aUNISA LEADER 01017nam0-22003251i-450 001 990001741270403321 005 20200228125535.0 035 $a000174127 035 $aFED01000174127 035 $a(Aleph)000174127FED01 035 $a000174127 100 $a20030910d1987----km-y0itay50------ba 101 1 $aita$ceng 105 $aa 000yy 200 1 $aUccelli d'Italia e d'Europa$fChristopher Perrins$gedizione italiana a cura di Giuseppe Bogliani 210 $aNovara$cIstituto geografico De Agostini$d1987 215 $a320 p.$cill.$d20 cm 225 1 $aGuide della natura De Agostini-Collins$fa cura di David Attenborough 610 0 $aOrnitologia 610 0 $aUccelli 676 $a598.094$v23$zita 700 1$aPerrins,$bChristopher$075445 702 1$aBogliani,$bGiuseppe 801 0$aIT$bUNINA$gRICA$2UNIMARC 901 $aBK 912 $a990001741270403321 952 $a60 598.094 PERC 1987$b2413$fFAGBC 959 $aFAGBC 996 $aUccelli d'Italia e d'Europa$9366224 997 $aUNINA